Normal view MARC view

Entry Topical Term

Number of records used in: 1

001 - CONTROL NUMBER

  • control field: 4240

003 - CONTROL NUMBER IDENTIFIER

  • control field: OSt

005 - DATE AND TIME OF LATEST TRANSACTION

  • control field: 20110520104813.0

008 - FIXED-LENGTH DATA ELEMENTS

  • fixed length control field: 110520|||a|||||| | ||| d

040 ## - CATALOGING SOURCE

  • Original cataloging agency: OSt
  • Transcribing agency: OSt

150 ## - HEADING--TOPICAL TERM

  • Topical term or geographic name as entry element: Law reports, digests, etc.
  • Geographic subdivision: Uganda.

670 ## - SOURCE DATA FOUND

  • Source citation: Work cat.: (OSt)2126: Uganda. High Court. 4239, The Uganda law reports 1972 Part I and II /, 1972-